|
|
|
|
| LEADER |
00000nam a2200000 a 4500 |
| 001 |
vtls010450866 |
| 003 |
SK-MaSNL |
| 005 |
20260425223224.0 |
| 008 |
240314s2012 xo l f n 000 0 slo |
| 015 |
|
|
|a SNBA2013/04
|
| 020 |
|
|
|a 9788089122776
|q (viaz.)
|
| 035 |
|
|
|a DED14F2F-EFDA-411F-A17F-2A3B322E75D4
|
| 035 |
|
|
|a urn:nbn:sk:snk-amlgkc
|
| 035 |
|
|
|a urn:nbn:sk:snk-am0093xc
|
| 040 |
|
|
|a SNK
|b slo
|c SNK
|e AACR2
|
| 041 |
0 |
|
|a slo
|
| 044 |
|
|
|a xo
|c SK
|
| 072 |
|
7 |
|a 349
|x Pracovné, sociálne, stavebné právo. Právo životného prostredia
|2 konspekt
|
| 072 |
|
7 |
|a 364.3
|x Sociálne poistenie. Zdravotné poistenie. Dôchodky
|2 konspekt
|
| 080 |
|
|
|a 349.3
|2 2001
|
| 080 |
|
|
|a 364.3-64
|2 2001
|
| 080 |
|
|
|a 364.32
|2 2001
|
| 080 |
|
|
|a 364.35/.37
|2 2001
|
| 080 |
|
|
|a 364.334
|2 2001
|
| 080 |
|
|
|a (035)
|2 2001
|
| 100 |
1 |
|
|a Macková, Zuzana,
|d 1966-
|4 aut
|9 237481
|
| 245 |
1 |
0 |
|a Právo sociálneho zabezpečenia
|n osobitná časť
|p Poistný systém v Slovenskej republike s príkladmi
|c Zuzana Macková
|
| 246 |
3 |
0 |
|a Poistný systém v Slovenskej republike s príkladmi
|
| 250 |
|
|
|a 1. vyd.
|
| 260 |
|
|
|a Šamorín
|b Heuréka
|c 2012
|
| 300 |
|
|
|a 413 s.
|b tab.
|c 22 cm
|
| 504 |
|
|
|a Bibliogr. odkazy
|
| 650 |
0 |
7 |
|a právo sociálneho zabezpečenia
|2 SNKPH
|9 2695
|
| 650 |
0 |
7 |
|a sociálne poistenie
|2 SNKPH
|9 29221
|
| 650 |
0 |
7 |
|a zdravotné poistenie
|2 SNKPH
|9 28257
|
| 650 |
0 |
7 |
|a nemocenské poistenie
|2 SNKPH
|9 67734
|
| 650 |
0 |
7 |
|a dôchodkové poistenie
|2 SNKPH
|9 26984
|
| 650 |
0 |
7 |
|a poistenie v nezamestnanosti
|2 SNKPH
|9 14198
|
| 650 |
0 |
7 |
|a úrazové poistenie
|2 SNKPH
|9 29228
|
| 650 |
0 |
7 |
|a Law of socialwelfare
|2 SNKPHeng
|9 332116
|
| 650 |
0 |
7 |
|a Social insurance
|2 SNKPHeng
|9 268707
|
| 650 |
0 |
7 |
|a Health insurance
|2 SNKPHeng
|9 266965
|
| 650 |
0 |
7 |
|a Sickness insurance
|2 SNKPHeng
|9 332117
|
| 650 |
0 |
7 |
|a Pension insurance
|2 SNKPHeng
|9 314158
|
| 650 |
0 |
7 |
|a Unemployment insurance
|2 SNKPHeng
|9 332118
|
| 650 |
0 |
7 |
|a Accident insurance
|2 SNKPHeng
|9 332119
|
| 651 |
|
7 |
|a Slovensko
|2 SNKPHgeo
|9 14231
|
| 651 |
|
7 |
|a Slovakia
|2 SNKPHeng
|9 92630
|
| 655 |
|
7 |
|a príručky
|2 SNKPH
|9 74364
|
| 655 |
|
7 |
|a Handbooks, manuals, etc.
|2 SNKPHeng
|9 90964
|
| 919 |
|
|
|a 978-80-89122-77-6
|
| 958 |
|
|
|a NB
|
| 999 |
|
|
|c 579849
|d 581779
|
| 952 |
|
|
|a SNK
|b SNK
|y PREZ
|7 0
|p 17A1062551
|o snkSC 153054
|i snk2013/3103
|8 0
|0 0
|1 0
|4 0
|d 2013-02-11
|f 1
|l 0
|r 2025-07-23 00:00:00
|w 2026-02-23
|
| 952 |
|
|
|a SNK
|b SNK
|y VYP
|7 0
|p 17A1062552
|o snkSC 153054 D1
|i snk2013/3104
|8 0
|0 0
|1 0
|4 0
|d 2013-02-11
|l 0
|r 2026-02-23 14:47:07
|w 2026-02-23
|